Countries North Of The Arctic Circle - Statistics

General Stats
  • This quiz has been taken 27 times
  • The average score is 8 of 8
Answer Stats
Country % Correct
Canada
100%
Finland
100%
Norway
100%
Russia
100%
Sweden
100%
Iceland
96%
United States of America
92%
Denmark
88%
No matching quizzes found
Score Distribution
Percent of People with Each Score
Percentile by Number Answered
Your Score History
You have not taken this quiz